| 000 | 00738nam a2200253 a 4500 | ||
|---|---|---|---|
| 001 | 566 | ||
| 003 | BR-CuiBMT | ||
| 005 | 20231109193117.0 | ||
| 008 | 231109s2011 rjba 000 0 por d | ||
| 020 | _a9788530934606 | ||
| 040 |
_aBR-CuiBMT _cBR-CuiBMT |
||
| 080 |
_22007 _a340.12 |
||
| 090 |
_a340.12 _bF899c _c8. ed. |
||
| 100 | 1 | _aFriede, Reis | |
| 245 | 1 | 0 |
_aCiência do direito, norma, interpretação e hermenêutica jurídica / _cReis Friede. |
| 250 | _a8. ed., rev., atual. e ampl. | ||
| 260 |
_aRio de Janeiro : _bForense ; _c2011. |
||
| 300 |
_axv, 238 p. : _bil. ; _c21 cm |
||
| 504 | _aInclui bibliografia. | ||
| 650 |
_aDireito _xFilosofia |
||
| 650 | _aTeoria do direito | ||
| 650 | _aNorma jurídica | ||
| 942 |
_2udc _cLV |
||
| 999 |
_c566 _d566 |
||